书目信息 |
| 题名: |
坐过站
|
|
| 作者: | 徐徐 著 | |
| 分册: | ||
| 出版信息: | 郑州 河南文艺出版社 2008.04 |
|
| 页数: | 251页 | |
| 开本: | 22cm | |
| 丛书名: | ||
| 单 册: | ||
| 中图分类: | I247.57 | |
| 科图分类: | ||
| 主题词: | 小说--中国 | |
| 电子资源: | ||
| ISBN: | 978-7-80623-949-0 | |
| 000 | 00610 nam 000241 | |
| 001 | 0100000911 | |
| 005 | 20120419105439.23 | |
| 010 | @a978-7-80623-949-0@dCNY24.80 | |
| 100 | @a20090524d2008 em y0chiy0121 ea | |
| 101 | @achi | |
| 102 | @aCN@b110000 | |
| 105 | @ay z 000yy | |
| 200 | 10 | @a坐过站@9zuo guo zhan@f徐徐著@Fxu xu zhu |
| 210 | @a郑州@c河南文艺出版社@d2008.04 | |
| 215 | @a251页@d22cm | |
| 307 | @a978-7- | |
| 540 | @a坐过站 | |
| 606 | @a小说@x中国 | |
| 690 | @aI247.57@v4 | |
| 701 | 0 | @a徐徐@9xu xu@4著 |
| 801 | @aCN@c20091014 | |
| 901 | @a000001 | |
| 905 | @b851242-4@dI247.57@eX829@f3 | |
| 坐过站/徐徐著.-郑州:河南文艺出版社,2008.04 |
| 251页;22cm |
| ISBN 978-7-80623-949-0:CNY24.80 |
| ● |
| 相关链接 |
|
|
|
正题名:坐过站
索取号:I247.57/X829
 
预约/预借
| 序号 | 登录号 | 条形码 | 馆藏地/架位号 | 状态 | 备注 |
| 1 | 851242 | 208512420 | 社科二线400B/400B社科库 17排2列1层/ [索取号:I247.57/X829] | 在馆 | |
| 2 | 851243 | 208512439 | 文学库108/108文学库 39排3列5层/ [索取号:I247.57/X829] | 在馆 | |
| 3 | 851244 | 208512448 | 社科二线400B/400B社科库 18排1列3层/ [索取号:I247.57/X829] | 在馆 |